000 00585nam a2200229Ia 4500
003 OSt
005 20221005133142.0
006 a|||||r|||| 00| 0
007 ta
008 221004b |||||||| |||| 00| 0 mal d
024 _a55122
037 _cTextual
040 _aCRL
_cCRL
_bmal
041 _2mal
_amal
082 _aO32,1L05,12, G0
100 _aNambiar Kunjan Au.
_9639759
245 0 _aVishnu geeta
260 _c1930
650 _aMALAYALAM POETRY
_9185636
942 _hO32,1L05,12, G0
_cTEXL
_2cc
999 _c1065910
_d1065910